| 000 | 00724nam a2200229 a 4500 | ||
|---|---|---|---|
| 001 | 18121 | ||
| 003 | CO-ViMGA | ||
| 008 | 141112s2004 ck r 000 u spa d | ||
| 020 | _a8448133900 | ||
| 040 |
_aCO-ViMGA _bspa _cCO-ViMGA |
||
| 082 | 0 | 4 | _aMEVIGAPOR.6 F676t |
| 100 | 1 |
_aForouzan, Behrouz A. _925764 |
|
| 245 | 1 | 0 | _aTransmision de datos y redes de comunicaciónes |
| 260 |
_aMadríd (España), _cMcGraw Hill, _c2002 |
||
| 300 | _a887.p. | ||
| 590 | _aForma de adquisición : Premio - Mincultura | ||
| 650 | 1 | 4 |
_aPROTOCOLOS DE COMUNICACIONES _925765 |
| 650 | 1 | 4 |
_aREDES DE COMPUTADORES _917280 |
| 650 | 1 | 4 |
_aREDES DE TELECOMUNICACIONES _925766 |
| 650 | 1 | 4 |
_aSISTEMAS DE TRANSMISION DE DATOS _917325 |
| 942 |
_2ddc _cBK |
||
| 999 |
_c27494 _d27494 |
||